Сборник законодательных, нормативных правовых актов, методических указаний и иных материалов по вопросам обязательного государственного страхования и обязательного социального страхования от несчастных случаев на производстве и профессиональных заболеваний (Запись № 1015318)

Подробности
000 -МАРКЕР
контрольное поле 02360nam0a2200361 4500
001 - ИДЕНТИФИКАТОР ЗАПИСИ
контрольное поле RU\NLR\bibl\1374551
005 - ИДЕНТИФИКАТОР ВЕРСИИ
контрольное поле 20260407104054.0
021 ## - НОМЕР ГОСУДАРСТВЕННОЙ РЕГИСТРАЦИИ
Код страны Российская Федерация
Номер 2009-24267
Номер Листа государственной регистраци 1437
035 ## - ДРУГИЕ СИСТЕМНЫЕ НОМЕРА
Идентификатор записи (nilc)RSL-KNO-004270964
035 ## - ДРУГИЕ СИСТЕМНЫЕ НОМЕРА
Идентификатор записи (NLR Aleph) 001366664
100 ## - ДАННЫЕ ОБЩЕЙ ОБРАБОТКИ
Данные общей обработки 20090331d2008 |||y0rusy50 ca
101 0# - ЯЗЫК РЕСУРСА
Язык текста, звукозаписи и т.д. русский
102 ## - СТРАНА ПУБЛИКАЦИИ ИЛИ ПРОИЗВОДСТВА
Страна публикации Российская Федерация
105 ## - ПОЛЕ КОДИРОВАННЫХ ДАННЫХ: ТЕКСТОВЫЕ МАТЕРИАЛЫ, МОНОГРАФИЧЕСКИЕ
Кодированные данные о монографическом текстовом документе y zzzz|||||
200 1# - ЗАГЛАВИЕ И СВЕДЕНИЯ ОБ ОТВЕТСТВЕННОСТИ
Основное заглавие Сборник законодательных, нормативных правовых актов, методических указаний и иных материалов по вопросам обязательного государственного страхования и обязательного социального страхования от несчастных случаев на производстве и профессиональных заболеваний
Первые сведения об ответственности Фонд социального страхования Российской Федерации, Гос. учреждение - региональное отд-ние по Респ. Башкортостан
Последующие сведения об ответственности [авт.-сост. М. М. Латыпов, Ф. М. Гайнуллина, Л. В. Черепанова]
210 ## - ПУБЛИКАЦИЯ, РАСПРОСТРАНЕНИЕ И ДР.
Место издания, распространения и т.д. Уфа
Имя издателя, распространителя и т. д. Белая река
Дата издания, распространения и т.д. 2008
215 ## - ФИЗИЧЕСКАЯ ХАРАКТЕРИСТИКА
Специфическое обозначение материала и объем 367 с.
Другие сведения о физической характеристике табл.
Размеры 22
606 1# - НАИМЕНОВАНИЕ ТЕМЫ КАК ПРЕДМЕТ
Наименование темы Несчастные случаи на производстве
Формальный подзаголовок Законодательные материалы
Тематический подзаголовок Социальное страхование
Географический подзаголовок Российская Федерация
Системный номер авторитетной/нормативной записи 2231476
Идентификатор авторитетной/нормативной записи RU\NLR\auth\661339344
606 1# - НАИМЕНОВАНИЕ ТЕМЫ КАК ПРЕДМЕТ
Наименование темы Социальное страхование
Формальный подзаголовок Законодательные материалы
Географический подзаголовок Российская Федерация
Системный номер авторитетной/нормативной записи 2073978
Идентификатор авторитетной/нормативной записи RU\NLR\auth\661248938
686 ## - ИНДЕКСЫ ДРУГИХ КЛАССИФИКАЦИЙ
Индекс Х627.6-321.2
Код системы
686 ## - ИНДЕКСЫ ДРУГИХ КЛАССИФИКАЦИЙ
Индекс Х627.4-39(2Р)21
686 ## - ИНДЕКСЫ ДРУГИХ КЛАССИФИКАЦИЙ
Индекс У27(2)1я8
702 #1 - ИМЯ ЛИЦА - ВТОРИЧНАЯ ОТВЕТСТВЕННОСТЬ
Начальный элемент ввода Латыпов
Часть имени, кроме начального элемента ввода М. М.
Даты 1958-
Расширение инициалов личного имени Марат Мукминович
Код отношения Составитель
712 02 - НАИМЕНОВАНИЕ ОРГАНИЗАЦИИ - ВТОРИЧНАЯ ОТВЕТСТВЕННОСТЬ
Код отношения Прочие
Начальный элемент ввода Фонд социального страхования Российской Федерации
Структурное подразделение Региональное отделение по Республике Башкортостан
Системный номер авторитетной/нормативной записи 620261
Идентификатор авторитетной/нормативной записи RU\NLR\AUTH\8810059496
801 #0 - ИСТОЧНИК ЗАПИСИ
Страна Российская Федерация
Организация РГБ
Дата составления 20090331
Правила каталогизации RCR
801 #1 - ИСТОЧНИК ЗАПИСИ
Страна Российская Федерация
Организация РГБ
Дата составления 20090331
801 #2 - ИСТОЧНИК ЗАПИСИ
Страна Российская Федерация
Организация NLR
Дата составления 20090529
Правила каталогизации rcr
830 ## - ОБЩЕЕ ПРИМЕЧАНИЕ, СОСТАВЛЕННОЕ КАТАЛОГИЗАТОРОМ
Текст примечания авт. по эк
942 ## - ДОПОЛНИТЕЛЬНЫЕ ЭЛЕМЕНТЫ ЗАПИСИ (АБИС)
Тип экземпляра АБИС Книга
980 ## - КОЛЛЕКЦИЯ
Название коллекции Национальная библиография
980 ## - КОЛЛЕКЦИЯ
Название коллекции НБР
Экземпляры
Тип экземпляра Дата поступления Источник поступления Библиотека постоянного хранения Библиотека текущего хранения Место хранения Шифр хранения Штрих-код Статус экземпляра
Книга 29.05.2009 Обязательный экземпляр РНБ (Московский) РНБ (Московский) Русский книжный фонд: издания с 1957 года 2009-5/4829 2929360  
Книга 29.05.2009 Обязательный экземпляр РНБ (Московский) РНБ (Московский) Русский книжный фонд: издания с 1957 года 2009-5/4829 2929361